Quizzes
Events
Quiz Creation
Community
Videos
Private Events
Remove Ads
Sign In
Join for FREE
Feedback
Dark Mode
Quiz Categories
Sports
Geography
Music
Movies
Television
Just For Fun
Miscellaneous
History
Literature
Language
Science
Gaming
Entertainment
Religion
Holiday
For Kids
Quiz Lab
Recent
Popular Today
Quiz Kudos Today
Editor Picks
Curator Picks
Quizzes by...
Day
Popularity
Type
Ratings
Length
Year
Community
Subscriptions
Recent Discussions
Orange Saloon
Badges
Playlists
Quests
Create
Leaderboards
Showdown
Live 5
Trivia Bingo
Activity
Puzzle Library
Sporcle Events
Private Events
Virtual Trivia
Globe League
Become a Host
Pub Owners
SporcleCon
Opinionation
Our Games
Videos
Blog
Mobile Apps
Partnerships
Remove Ads and Go Orange
Feedback
Movies
Disney
Marvel Cinematic Universe
Movie Resume
Movie Titles
Oscar
Actor
Actress
Director
Pixar
Role
Movie Quotes
Movie Characters
Box Office
Nominee
Best Picture
Star Wars
James Bond
Horror Movies
Movies
Disney
Marvel Cinematic Universe
Movie Resume
Movie Titles
Oscar
Actor
Actress
Director
Pixar
Role
Movie Quotes
Movie Characters
Box Office
Nominee
Best Picture
Star Wars
James Bond
Horror Movies
Random Quiz
Search Sporcle
×
Quiz Lab
Quiz Lab
Movies
Animation
Type in answers that appear in a list
Type in answers that appear in a list
Classic
Best Score? Go Orange.
Female Disney Characters (Video) Stats
Can you name the Disney Characters from the Video?
By
kitycat6164
9m
52 Questions
3,287 Plays
3,287 Plays
3,287 Plays
Comments
Comments
Give Quiz Kudos
Give Quiz Kudos
-
- Ratings
hide this ad
More Info
Replay
Link that replays current quiz
Next Quiz
Link to next quiz in quiz playlist
You Got
0%
They Got
Avg Score
63%
Avg Friend Score
Upgrade to see
Score Distribution
Jump to the score distribution portion of the page
Score
0/52
Timer
09:00
0
Plays Today
Time
Character
% Correct
0:15-
0:20
Ariel
96%
0:45-
0:50
Cinderella
95.3%
0:00-
0:05
Alice
95.3%
0:30-
0:35
Belle
94.5%
1:20-
1:25
Fa Mulan
92.6%
2:05-
2:10
Jasmine
91%
3:40-
3:45
Snow White
89.2%
0:25-
0:30
Aurora/Briar Rose
88.2%
2:00-
0:05
Jane Porter
88%
1:10-
1:15
Evil Queen
87.6%
1:15-
1:20
Fa Li
87.5%
0:50-
0:55
Cruella de Vil
87.4%
1:25-
1:30
The Fairy Godmother
87.1%
2:25-
2:30
Lilo Pelekai
86.7%
3:55-
4:00
Tinker Bell
86.7%
3:30-
3:35
Pocahontas
85.2%
4:05-
4:10
Wendy Darling
83%
3:35-
3:40
The Queen of Hearts
77.6%
2:55-
3:00
Megara
77.1%
2:20-
2:25
Lady Tremaine
75.9%
3:45-
3:50
Tiana
73.6%
4:00-
4:05
Violet Parr
72.2%
2:40-
2:45
Maleficent
71.9%
1:50-
1:55
Helen Parr
71.7%
1:05-
1:10
Esmeralda
71%
0:35-
0:40
The Blue Fairy
67.6%
Time
Character
% Correct
2:15-
2:20
Jessica Rabbit
67.5%
4:15-
4:20
Yzma
66.1%
1:35-
1:40
Flora
62.8%
0:05-
0:10
Anastasia Tremaine
62%
1:30-
1:35
Fauna
61%
3:50-
3:55
Tiger Lily
60.8%
3:00-
3:05
Merryweather
58%
1:55-
2:00
Hera
55.8%
3:25-
3:30
Penny
55.5%
1:40-
1:45
Giselle
55.1%
0:55-
1:00
Drizella Tremaine
49%
0:10-
0:15
Anita Radcliffe
46.2%
2:35-
2:40
Madam Mim
45.5%
2:50-
2:55
The Matchmaker
43%
3:15-
3:20
Nani Pelekai
42.5%
2:30-
2:35
Madam Medusa
41.3%
2:10-
2:15
Jenny Foxworth
38.4%
0:40-
0:45
Charlotte La Bouff
37.6%
2:45-
2:50
Mama Odie
32.2%
3:20-
3:25
Nanny
29.8%
3:05-
3:10
Mirage
29.6%
0:20-
0:25
Aunt Sarah
29.1%
1:00-
1:05
Eilonwy
22.9%
1:45-
1:50
Grandmother Fa
22.6%
3:10-
3:15
Nakoma
17.6%
4:10-
4:15
Widow Tweed
13.8%
Quiz Playlist
Details
Report
Send in Message
Add To Playlist
More Info:
Can you name the female (human) Disney Characters from their pictures in the video?
Classic:
Type in answers that appear in a list
Quiz Source
Last Updated: Jun 6, 2017
Quiz Scoreboard
CHALLENGE
Sign Up to Join the Scoreboard
Show All
Scores
Hide
Comments
May contain spoilers
Recently Published
An Introduction to Baseball
by treessimontrees
Sports
5m
Movies - When Are They Set?
by FPL_Elf
Movies
5m
Popular People in 1961
by mucciniale
History
6m
More to Explore
Quiz From the Vault
Featured Blog Post
Where Did the Easter Bunny Come From?
hide this ad
You Might Also Like...
Tags
Animation Quiz
Disney Quiz
Image Quiz
Today's Top Quizzes in Movies
Browse Movies
hide this ad
Today's Top Quizzes in Animation
Browse Animation
Top Contributed Quizzes in Movies
1
Pick 5 Posters: Directed by Spielberg
2
Pick 5 Posters: Lowest-Rated Spielberg
3
Multi-Oscar Nominations, One Movie, One Winner
4
7-to-1: Pixar Characters
5
12 Movies about Fictional 1960s Events
6
One Thing in Common: Movies
7
Pick 5 Posters: Directed by Scorsese
8
Sunday Crossword: Film Score Composers
9
Pick 5 Posters: Star & Director
10
Sorting Actors
Explore More
Trending Topics
Crossword
Marvel
Disney
Anime
NBA
Kpop
Harry Potter
Puzzle
WWE
Pokémon
The Office
Song
Country
Soccer
NFL
hide this ad
More By:
kitycat6164
Quiz
Plays
Rating
Category
Featured
Created
Ultimate Disney/Pixar Quiz (1991-2004)
3,429
3.58
Movies
Aug 5, 2010
Female Disney Characters (Video)
3,287
4.13
Movies
Sep 18, 2010
Ultimate Disney Quiz (1937-1989)
1,537
4.75
Movies
Aug 5, 2010
Paper Mario TTYD Trivia
1,210
3.67
Gaming
Aug 6, 2010
Labyrinth Characters
1,072
3.78
Movies
Aug 7, 2010
Go to Creator's Profile
Score Distribution
Quiz Creator Spotlight
kitycat6164
Follow
Send a Message
Quizzes Created
-
Created Quiz Play Count
-
More By This Creator
Popular Quizzes Today
1
Find the Countries of Europe - No Outlines Minefield
2
Find the US States - No Outlines Minefield
3
The Countries of the World
4
Popular People in 1961
5
Find the US States
6
US States
7
1-10 Letter E Words III
8
Risky Map Clicking: Biggest States A-Z
More Movies Quizzes
Star Wars Opening Screenshots
Quiz Lab
Trending Quizzes
Risky Map Clicking: Least Populous States A-Z
1-10 Letter F Words
1-10 Letter G Words
Not Quite an Element Typing Challenge
One Thing in Common: United Kingdom
Recently Updated
Leaping Animals
pecheneg
Reality TV Shows (A-Z)
bhenderson79
Rickey Henderson's Hall of Fame Teammates
pecheneg
Champions League XIs: Arsenal
pecheneg
Quick Pick: Celebrities in WWE's Hall of Fame
aduchscher
A-Z Keypad Blitz II
pecheneg
Multiple Oscar Actors
pecheneg
Mystery Phrase Blitz: Oscar 'Best Actors'
pecheneg
F. Scott Fitzgerald Novels
LTH
Pick 3 Villains
ddd62291
Trending Topics
Crossword
NBA
Marvel
Kpop
Disney
Anime
Harry Potter
Puzzle
Pokémon
The Office
Song
Soccer
WWE
NFL
Country
Your Account Isn't Verified!
In order to create a playlist on Sporcle, you need to verify the email address you used during registration. Go to your
Sporcle Settings
to finish the process.
Report this User
Report this user for behavior that violates our
Community Guidelines
.
Details:
Send Report
Go to the Sporcle.com Mobile Site →
Comments